000 00480nam a2200181Ia 4500
003 GCL
008 140319s9999 xx 000 0 ara d
040 _aGCL /
_cGCL
082 0 4 _a321.1409
_bا ط
100 1 _aامام عبدالفتاح امام
245 1 0 _aالطاغية /
_cامام عبدالفتاح امام
300 _a395 ص
490 _a
650 0 4 _aالحكومات
650 0 4 _aالدكتاتورية
650 0 4 _aالاستبداد
942 _2ddc
_cBK
999 _c52224
_d52224